[Event "CHN-chT"]
[Site "Qingdao"]
[Date "2024.04.09"]
[Round "8.4"]
[White "Chu, Wei Chao"]
[Black "Huang, Renjie"]
[Result "0-1"]
[WhiteElo "2420"]
[BlackElo "2487"]
[PlyCount "56"]
[EventDate "2024.04.02"]
[EventType "team-swiss"]
[EventRounds "9"]
[EventCountry "CHN"]
[SourceTitle "CB16_2024"]
[SourceDate "2024.04.17"]
[SourceVersion "1"]
[SourceVersionDate "2024.04.17"]
[SourceQuality "1"]
[WhiteTeam "Tianjin"]
[BlackTeam "Shandong"]
[WhiteTeamCountry "CHN"]
[BlackTeamCountry "CHN"]

1. d4 Nf6 2. Nf3 d5 3. g3 c5 4. Bg2 cxd4 5. 0-0 h6 6. Nxd4 e5 7. Nb3 Be7 8. c4 d4 9. e3 Bg4 10. f3 Be6 11. f4 Nbd7 12. fxe5 Nxe5 13. exd4 Nxc4 14. Nc3 0-0 15. d5 Qb6+ 16. Kh1 Bd7 17. Qd4 Qxd4 18. Nxd4 Bc5 19. Nb3 Bb6 20. Rxf6 gxf6 21. Bxh6 Rfc8 22. Ne4 Kh7 23. Nxf6+ Kxh6 24. Nxd7 Nd6 25. Rf1 Kg7 26. Nc1 Bd4 27. Nd3 Rc7 28. Bh3 Rh8 0-1

[Event "Titled Tuesday intern op 09th Jan Early"]
[Site "Chess.com INT"]
[Date "2024.01.09"]
[Round "8"]
[White "Chu, Wei Chao"]
[Black "Klukin, Kirill"]
[Result "0-1"]
[WhiteElo "2420"]
[BlackElo "2390"]
[PlyCount "138"]
[EventDate "2024.01.09"]
[EventType "swiss (blitz)"]
[EventRounds "11"]
[EventCountry "USA"]
[SourceTitle "CB03_2024"]
[SourceDate "2024.01.17"]
[SourceVersion "1"]
[SourceVersionDate "2024.01.17"]
[SourceQuality "1"]

1. d4 Nf6 2. c4 g6 3. Nc3 Bg7 4. e4 0-0 5. Be2 d6 6. Be3 Na6 7. Nf3 e5 8. d5 Nh5 9. 0-0 Nf4 10. Bxf4 exf4 11. Qd2 g5 12. Nd4 Qf6 13. Rad1 Qxd4 14. Qxd4 Bxd4 15. Rxd4 f5 16. Bh5 Bd7 17. Re1 Be8 18. Bd1 Bg6 19. e5 dxe5 20. Rxe5 Rae8 21. Rxe8 Rxe8 22. Kf1 Nc5 23. Nb5 Rc8 24. b4 Ne4 25. f3 Nd6 26. Nc3 Kf7 27. c5 Ne8 28. Bb3 Kf6 29. Ke2 Bf7 30. Kd2 a6 31. a4 Rd8 32. a5 Ke5 33. Ne2 Bxd5 34. Kc3 Nf6 35. Nc1 Rd7 36. Nd3+ Ke6 37. c6 bxc6 38. Nc5+ Kd6 39. Nxd7 Nxd7 40. Bc2 Ke5 41. Rd1 c5 42. Re1+ Kd6 43. Bd3 cxb4+ 44. Kxb4 Nc5 45. Bxf5 h6 46. Rd1 c6 47. Be4 Ne6 48. Bxd5 cxd5 49. Rb1 Nc7 50. Kc3 Kc5 51. Rb6 h5 52. Kd3 h4 53. h3 Nb5 54. Rxa6 Nd6 55. Rb6 Nc4 56. Rg6 Ne5+ 57. Kc3 Nxg6 58. a6 Kb6 59. Kd4 Ne7 60. Ke5 Kxa6 61. Kf6 d4 62. Kxe7 d3 63. Kf6 d2 64. Kxg5 d1Q 65. Kxf4 Qe2 66. Kg4 Qxg2+ 67. Kxh4 Qxf3 68. Kg5 Qxh3 69. Kg6 Qd7 0-1

[Event "CHN-chT DivA"]
[Site "Fuling"]
[Date "2023.06.15"]
[Round "9.2"]
[White "Chen, Yuan1111"]
[Black "Chu, Wei Chao"]
[Result "0-1"]
[WhiteElo "2159"]
[BlackElo "2411"]
[PlyCount "106"]
[EventDate "2023.06.05"]
[EventType "team-tourn"]
[EventRounds "11"]
[EventCountry "CHN"]
[SourceTitle "CBM 214 Extra"]
[Source "ChessBase"]
[SourceDate "2023.07.31"]
[SourceVersion "1"]
[SourceVersionDate "2023.07.31"]
[SourceQuality "1"]
[WhiteTeam "Zhejiang Shaoxing"]
[BlackTeam "Tianjin"]
[WhiteTeamCountry "CHN"]
[BlackTeamCountry "CHN"]

1. e4 c5 2. c3 d5 3. exd5 Qxd5 4. d4 Nf6 5. Nf3 e6 6. Be2 Nc6 7. Na3 Qd8 8. Nc2 Be7 9. 0-0 0-0 10. dxc5 Bxc5 11. b4 Bd6 12. Ncd4 Nd5 13. Nxc6 bxc6 14. Bd3 h6 15. Qe1 Bb7 16. a3 Nf6 17. Qe2 Qc7 18. Ba6 c5 19. Bxb7 Qxb7 20. b5 Rfe8 21. c4 e5 22. Be3 e4 23. Nd2 Qc7 24. h3 Nd7 25. Rfd1 Be5 26. Ra2 f5 27. Nb3 f4 28. Bc1 Nf6 29. Bb2 Kh8 30. Bxe5 Qxe5 31. Rad2 Qf5 32. Rd6 Rac8 33. Rc6 f3 34. Qe3 Qg6 35. g3 Qh5 36. Rxf6 Qxh3 37. Rxf3 exf3 38. Qxf3 Rf8 39. Qd5 Qg4 40. Rf1 Rfd8 41. Qb7 Rd3 42. Na5 Rf8 43. Qc7 Kh7 44. Nc6 Rxf2 45. Rxf2 Rxg3+ 46. Qxg3 Qxg3+ 47. Kf1 Qxa3 48. Kg2 h5 49. Rf5 Kh6 50. Ne5 Qb2+ 51. Kg3 g6 52. Nf7+ Kg7 53. Rf3 Qd4 0-1

[Event "CHN-chT"]
[Site "Nanjing"]
[Date "2023.02.20"]
[Round "7.3"]
[White "Chu, Wei Chao"]
[Black "Xu, Jun"]
[Result "1/2-1/2"]
[WhiteElo "2431"]
[BlackElo "2476"]
[PlyCount "146"]
[EventDate "2023.02.14"]
[EventType "team-swiss"]
[EventRounds "9"]
[EventCountry "CHN"]
[SourceTitle "CBM 212 Extra"]
[Source "ChessBase"]
[SourceDate "2023.03.31"]
[SourceVersion "1"]
[SourceVersionDate "2023.03.31"]
[SourceQuality "1"]
[WhiteTeam "Tianjin"]
[BlackTeam "Jiangsu"]
[WhiteTeamCountry "CHN"]
[BlackTeamCountry "CHN"]

1. d4 Nf6 2. c4 e6 3. Nf3 b6 4. Bf4 Bb7 5. e3 Be7 6. Bd3 Nh5 7. Bg3 d6 8. Nc3 Nd7 9. Qc2 g6 10. 0-0-0 Nxg3 11. hxg3 Bf6 12. g4 Bg7 13. Kb1 a6 14. Be4 c6 15. g5 Qe7 16. Rh4 f5 17. gxf6 Nxf6 18. Rdh1 0-0-0 19. Qb3 Kc7 20. Bd3 c5 21. Na4 Nd7 22. Rxh7 Rxh7 23. Rxh7 Rh8 24. Rxh8 Bxh8 25. dxc5 bxc5 26. Bxg6 Qg7 27. Qc2 Bxf3 28. gxf3 Ne5 29. Be4 Qg1+ 30. Qc1 Qxc1+ 31. Kxc1 Nxc4 32. Bd3 Nb6 33. Nc3 a5 34. f4 d5 35. Bf1 Bf6 36. Kd1 Kd6 37. Bh3 Nc4 38. Kc2 Bh4 39. Nd1 Bf6 40. Bf1 Nb6 41. Bb5 d4 42. Kd3 e5 43. fxe5+ Kxe5 44. Bc4 Kf5 45. Bg8 dxe3 46. fxe3 Na4 47. Kc2 Ke4 48. Bc4 Nb6 49. Bb5 Ke5 50. Kd3 Nd5 51. a3 Kd6 52. Bc4 Nb6 53. Bb3 Be5 54. Nc3 Bh8 55. Bf7 Bg7 56. b3 Ke7 57. Bh5 Kd6 58. Bg4 Bh8 59. Bh3 Be5 60. Bg2 Bh8 61. Nb5+ Kd7 62. Na7 Kc7 63. Nc6 a4 64. bxa4 Nxa4 65. Kc4 Kb6 66. Ne7 Nb2+ 67. Kb3 Nd1 68. Nd5+ Ka5 69. Bf3 Nf2 70. Nf4 Be5 71. Bd5 Ng4 72. Nd3 Nxe3 73. Nxe5 Nxd5 1/2-1/2

[Event "CHN-chT"]
[Site "Liaocheng"]
[Date "2021.10.28"]
[Round "9.3"]
[White "Li, Wenxiang"]
[Black "Chu, Wei Chao"]
[Result "0-1"]
[WhiteElo "2273"]
[BlackElo "2422"]
[PlyCount "152"]
[EventDate "2021.10.20"]
[EventType "team-swiss"]
[EventRounds "9"]
[EventCountry "CHN"]
[SourceTitle "CBM 204 Extra"]
[Source "ChessBase"]
[SourceDate "2021.11.30"]
[SourceVersion "1"]
[SourceVersionDate "2021.11.30"]
[SourceQuality "1"]
[WhiteTeam "Qingdao"]
[BlackTeam "Tianjin"]
[WhiteTeamCountry "CHN"]
[BlackTeamCountry "CHN"]

1. c4 c5 2. Nf3 Nf6 3. Nc3 Nc6 4. d4 cxd4 5. Nxd4 g6 6. e4 Bg7 7. Be3 Ng4 8. Qxg4 Nxd4 9. Qd1 Ne6 10. Qd2 Qa5 11. Rb1 Bxc3 12. bxc3 Qc7 13. Qd5 0-0 14. h4 Qc6 15. c5 b6 16. Bc4 Bb7 17. Qxc6 Bxc6 18. cxb6 axb6 19. f3 b5 20. Bb3 h5 21. Ke2 d6 22. Rhg1 Nc5 23. g4 Nxb3 24. axb3 hxg4 25. Rxg4 Ra2+ 26. Kd3 d5 27. Bc5 dxe4+ 28. fxe4 Rd8+ 29. Ke3 e5 30. Be7 Rdd2 31. Re1 Rh2 32. Kd3 Rad2+ 33. Ke3 Rb2 34. Kd3 Rxb3 35. Rg3 Rbb2 36. Bf6 Rbd2+ 37. Ke3 Rd6 38. Bxe5 Re6 39. Rxg6+ fxg6 40. Bxh2 Rxe4+ 41. Kf2 Rxh4 42. Bg3 Rc4 43. Re3 Kf7 44. Rd3 Be4 45. Re3 Ke6 46. Bf4 Kf5 47. Bd6 g5 48. Kg3 g4 49. Bb4 Rc7 50. Re2 Rd7 51. Rf2+ Kg5 52. Rf8 Rd3+ 53. Kf2 g3+ 54. Ke2 g2 55. Rg8+ Kf4 56. Ba5 Re3+ 57. Kd2 Rd3+ 58. Ke2 Re3+ 59. Kd2 Rh3 60. Bc7+ Kf5 61. Bb6 Rd3+ 62. Ke2 Rxc3 63. Rf8+ Kg6 64. Re8 Bc6 65. Kd2 Bxe8 66. Kxc3 Kf5 67. Kd3 Kg4 68. Bc5 Kf3 69. Bd4 Bf7 70. Bg1 b4 71. Kd2 Be6 72. Kd3 Kg3 73. Kd2 Bf5 74. Kd1 b3 75. Kc1 Kf3 76. Kb2 Be6 0-1

[Event "CHN-chT"]
[Site "Liaocheng"]
[Date "2021.10.22"]
[Round "3.3"]
[White "Wen, Yang"]
[Black "Chu, Wei Chao"]
[Result "0-1"]
[WhiteElo "2594"]
[BlackElo "2422"]
[PlyCount "86"]
[EventDate "2021.10.20"]
[EventType "team-swiss"]
[EventRounds "9"]
[EventCountry "CHN"]
[SourceTitle "CBM 204 Extra"]
[Source "ChessBase"]
[SourceDate "2021.11.30"]
[SourceVersion "1"]
[SourceVersionDate "2021.11.30"]
[SourceQuality "1"]
[WhiteTeam "Shandong"]
[BlackTeam "Tianjin"]
[WhiteTeamCountry "CHN"]
[BlackTeamCountry "CHN"]

1. e4 c5 2. Nf3 e6 3. d4 cxd4 4. Nxd4 Nf6 5. Nc3 Nc6 6. Ndb5 Bb4 7. a3 Bxc3+ 8. Nxc3 d5 9. Bd3 dxe4 10. Nxe4 Nxe4 11. Bxe4 Qxd1+ 12. Kxd1 Bd7 13. Be3 f5 14. Bf3 0-0-0 15. Kc1 e5 16. Re1 e4 17. Be2 Be6 18. b3 Rhf8 19. Bf4 Nd4 20. Bf1 Bd5 21. Kb2 Ne6 22. Be5 g5 23. Re3 f4 24. Rc3+ Bc6 25. Re1 Rd5 26. Rxe4 Nc5 27. Re2 Nd7 28. Bg7 Rg8 29. Rxc6+ bxc6 30. Bc3 Rd1 31. Re1 Rxe1 32. Bxe1 Nf6 33. Bd3 Re8 34. Bb4 Kb7 35. f3 Nd5 36. Bc5 h5 37. Be4 Ne3 38. g3 fxg3 39. hxg3 Nd1+ 40. Kc1 Nc3 41. Bg6 Re5 42. Bf2 Re2 43. Bd4 Re6 0-1

[Event "Tianjin Prestigious Univ-ch"]
[Site "Tianjin"]
[Date "2019.11.29"]
[Round "10"]
[White "Isakov, Michael G"]
[Black "Chu, Wei Chao"]
[Result "0-1"]
[WhiteElo "2162"]
[BlackElo "2423"]
[PlyCount "133"]
[EventDate "2019.11.26"]
[EventType "team-tourn"]
[EventRounds "11"]
[EventCountry "CHN"]
[SourceTitle "CBM 193 Extra"]
[Source "ChessBase"]
[SourceDate "2020.01.31"]
[SourceVersion "1"]
[SourceVersionDate "2020.01.31"]
[SourceQuality "1"]

1. d4 Nf6 2. Nf3 g6 3. c4 Bg7 4. Nc3 d5 5. Qb3 c6 6. Bf4 dxc4 7. Qxc4 Be6 8. Qd3 Nd5 9. Nxd5 cxd5 10. Qb3 Qa5+ 11. Bd2 Qb6 12. e3 Nc6 13. Bd3 0-0 14. 0-0 Bg4 15. Qxd5 Rad8 16. Qb5 Bxf3 17. gxf3 Nxd4 18. exd4 Qxd4 19. Be3 Qxd3 20. Qxb7 Rd7 21. Qb4 Qf5 22. Kg2 a5 23. Qg4 Qd5 24. Rfd1 Qxd1 25. Rxd1 Rxd1 26. Qa4 Rd5 27. b4 axb4 28. Qxb4 e6 29. a4 Ra8 30. Bb6 Bf8 31. Qe4 Be7 32. Bc7 Rc8 33. Bf4 Bf6 34. Be3 h5 35. Qb4 Ra8 36. Bb6 Rb8 37. a5 Bd8 38. Qf4 Ra8 39. Bxd8 Raxd8 40. Qc7 R5d7 41. Qb6 Ra8 42. Kg3 Rda7 43. Kf4 Rxa5 44. Qd6 Rd5 45. Qe7 Rf5+ 46. Kg3 Kh7 47. Qd6 Ra4 48. h4 e5 49. Qe7 Raf4 50. Kg2 Rxf3 51. Kh2 Rxf2+ 52. Kg1 R2f4 53. Kg2 Rg4+ 54. Kh3 e4 55. Kh2 Rff4 56. Qe8 Rxh4+ 57. Kg3 Rhg4+ 58. Kh3 Rf3+ 59. Kh2 Rf6 60. Qe7 Rgf4 61. Kg3 Rf3+ 62. Kg2 Re6 63. Qf8 Rf5 64. Qb4 e3 65. Kh3 e2 66. Qe1 Rf1 67. Qc3 0-1

[Event "Tianjin Prestigious Univ-ch"]
[Site "Tianjin"]
[Date "2019.11.28"]
[Round "7"]
[White "Chu, Wei Chao"]
[Black "Oparin, Grigoriy"]
[Result "0-1"]
[WhiteElo "2423"]
[BlackElo "2660"]
[PlyCount "78"]
[EventDate "2019.11.26"]
[EventType "team-tourn"]
[EventRounds "11"]
[EventCountry "CHN"]
[SourceTitle "CBM 193 Extra"]
[Source "ChessBase"]
[SourceDate "2020.01.31"]
[SourceVersion "1"]
[SourceVersionDate "2020.01.31"]
[SourceQuality "1"]

1. d4 Nf6 2. c4 e6 3. Nf3 Bb4+ 4. Nbd2 0-0 5. a3 Be7 6. e4 d6 7. Be2 Nfd7 8. 0-0 e5 9. Nb1 exd4 10. Nxd4 Nc6 11. Be3 Bf6 12. Nc3 Re8 13. f3 Be5 14. Nd5 Nxd4 15. Bxd4 c6 16. Nc3 Nc5 17. Bxe5 dxe5 18. b4 Ne6 19. c5 Qg5 20. Qe1 Nd4 21. Rc1 a5 22. Bc4 axb4 23. axb4 Ra3 24. Kh1 Be6 25. Bxe6 fxe6 26. Qg3 Qxg3 27. hxg3 Rb3 28. Kh2 Ra8 29. f4 Raa3 30. Nb1 Ra2 31. Nc3 Rd2 32. Nd1 Ne2 33. Rf2 Nxg3 34. Rxd2 Nf1+ 35. Kg1 Nxd2 36. fxe5 Rxb4 37. Nf2 Nxe4 38. Nd3 Rd4 39. Nf4 Nxc5 0-1

[Event "Tianjin Prestigious Univ-ch"]
[Site "Tianjin"]
[Date "2019.11.28"]
[Round "9"]
[White "Chu, Wei Chao"]
[Black "Theodorou, Nikolas"]
[Result "1/2-1/2"]
[WhiteElo "2423"]
[BlackElo "2555"]
[PlyCount "122"]
[EventDate "2019.11.26"]
[EventType "team-tourn"]
[EventRounds "11"]
[EventCountry "CHN"]
[SourceTitle "CBM 193 Extra"]
[Source "ChessBase"]
[SourceDate "2020.01.31"]
[SourceVersion "1"]
[SourceVersionDate "2020.01.31"]
[SourceQuality "1"]

1. d4 Nf6 2. c4 g6 3. Nc3 Bg7 4. e4 d6 5. Nf3 0-0 6. Be2 e5 7. 0-0 Na6 8. Be3 Qe7 9. dxe5 dxe5 10. Nd5 Qd8 11. Qc2 Ng4 12. Bg5 f6 13. Bd2 c6 14. Nc3 Nc5 15. h3 Nh6 16. Na4 Nxa4 17. Qxa4 Qe7 18. c5 Be6 19. Bc4 Nf7 20. Rfd1 Rfe8 21. Be3 Bf8 22. Nd2 f5 23. Bxe6 Qxe6 24. f3 Rad8 25. Qb3 Qxb3 26. Nxb3 fxe4 27. fxe4 Bh6 28. Bxh6 Nxh6 29. Na5 Rd4 30. Nxb7 Rb8 31. Rxd4 exd4 32. Na5 Rxb2 33. Nxc6 d3 34. Rd1 d2 35. Nd4 Kf7 36. a3 Ke8 37. Kf2 Nf7 38. Ke2 Ng5 39. Kd3 Ra2 40. Nb5 a6 41. Nd6+ Kd7 42. Rxd2 Rxa3+ 43. Kd4 Kc6 44. Ke5 Rxh3 45. Kf6 Rg3 46. e5 Kxc5 47. e6 Re3 48. e7 h6 49. Kxg6 Re6+ 50. Kh5 Rxe7 51. Kxh6 Ne4 52. Nxe4+ Rxe4 53. Kh5 a5 54. g4 a4 55. g5 a3 56. g6 Re7 57. Kh6 Kb4 58. g7 Rxg7 59. Kxg7 Kb3 60. Rd3+ Kb2 61. Rxa3 Kxa3 1/2-1/2

[Event "Tianjin Prestigious Univ-ch"]
[Site "Tianjin"]
[Date "2019.11.27"]
[Round "6"]
[White "Abbas, Daniel Karim"]
[Black "Chu, Wei Chao"]
[Result "1/2-1/2"]
[WhiteElo "2251"]
[BlackElo "2423"]
[PlyCount "95"]
[EventDate "2019.11.26"]
[EventType "team-tourn"]
[EventRounds "11"]
[EventCountry "CHN"]
[SourceTitle "CBM 193 Extra"]
[Source "ChessBase"]
[SourceDate "2020.01.31"]
[SourceVersion "1"]
[SourceVersionDate "2020.01.31"]
[SourceQuality "1"]

1. e4 c5 2. Nf3 d6 3. Bb5+ Bd7 4. c4 Nc6 5. Nc3 g6 6. Bxc6 Bxc6 7. d4 cxd4 8. Nxd4 Bg7 9. 0-0 Rc8 10. Be3 Bd7 11. b3 Nf6 12. h3 0-0 13. Rc1 a6 14. Qd3 Qa5 15. a4 Rfe8 16. Nd5 Nxd5 17. exd5 e5 18. dxe6 fxe6 19. Nf3 Bc6 20. Nd4 d5 21. Nxc6 bxc6 22. Bd4 Bxd4 23. Qxd4 c5 24. Qe5 d4 25. Rcd1 Qc3 26. h4 Qc2 27. b4 Qxc4 28. bxc5 d3 29. Qe3 Red8 30. h5 Qd5 31. hxg6 hxg6 32. Rfe1 Kg7 33. Qxe6 Qxe6 34. Rxe6 Rxc5 35. Rxa6 d2 36. Kf1 Rh5 37. Re6 Rd4 38. Ke2 Ra5 39. Rxd2 Rxd2+ 40. Kxd2 Rxa4 41. Ke2 Ra3 42. Re3 Ra2+ 43. Kf3 Kf6 44. Rb3 Rc2 45. Kg3 Ra2 46. Rb6+ Kf7 47. f3 Rc2 48. Rb7+ 1/2-1/2

[Event "Tianjin Prestigious Univ-ch"]
[Site "Tianjin"]
[Date "2019.11.27"]
[Round "4"]
[White "Bibby, Simon"]
[Black "Chu, Wei Chao"]
[Result "0-1"]
[WhiteElo "2167"]
[BlackElo "2423"]
[PlyCount "80"]
[EventDate "2019.11.26"]
[EventType "team-tourn"]
[EventRounds "11"]
[EventCountry "CHN"]
[SourceTitle "CBM 193 Extra"]
[Source "ChessBase"]
[SourceDate "2020.01.31"]
[SourceVersion "1"]
[SourceVersionDate "2020.01.31"]
[SourceQuality "1"]

1. e4 c5 2. Nf3 d6 3. Bb5+ Bd7 4. Bxd7+ Qxd7 5. 0-0 Nc6 6. c3 Nf6 7. Re1 e6 8. d4 cxd4 9. cxd4 d5 10. e5 Ng8 11. Nbd2 Qd8 12. Nf1 Qb6 13. a3 Nge7 14. Ng3 Na5 15. b4 Nc4 16. Nh5 Nc6 17. Bg5 h6 18. Bh4 Rg8 19. Qd3 Be7 20. Bxe7 Nxe7 21. a4 0-0-0 22. b5 Kb8 23. Nd2 Nxd2 24. Qxd2 Rc8 25. g4 Rc4 26. Red1 Ng6 27. Qb2 Rgc8 28. a5 Qd8 29. b6 a6 30. Rac1 Qg5 31. Rb1 Qxg4+ 32. Ng3 Nf4 33. Qa3 Rc3 34. Qd6+ Ka8 35. Kf1 Rc2 36. Qa3 Qh3+ 37. Ke1 Ng2+ 38. Kf1 Ne3+ 39. Ke1 Qf1+ 40. Nxf1 Ng2# 0-1

[Event "Tianjin Prestigious Univ-ch"]
[Site "Tianjin"]
[Date "2019.11.27"]
[Round "5"]
[White "Chu, Wei Chao"]
[Black "Li, Ethan"]
[Result "1-0"]
[WhiteElo "2423"]
[BlackElo "2209"]
[PlyCount "73"]
[EventDate "2019.11.26"]
[EventType "team-tourn"]
[EventRounds "11"]
[EventCountry "CHN"]
[SourceTitle "CBM 193 Extra"]
[Source "ChessBase"]
[SourceDate "2020.01.31"]
[SourceVersion "1"]
[SourceVersionDate "2020.01.31"]
[SourceQuality "1"]

1. d4 Nf6 2. c4 e6 3. Nf3 d5 4. g3 dxc4 5. Bg2 Bd7 6. Ne5 Bc6 7. Nxc6 Nxc6 8. e3 Nd5 9. 0-0 Qd7 10. Qe2 0-0-0 11. Rd1 Nb6 12. b3 cxb3 13. axb3 Kb8 14. Bb2 h5 15. Nc3 f5 16. d5 exd5 17. Nxd5 Qe6 18. Nxb6 Rxd1+ 19. Qxd1 cxb6 20. Bxc6 bxc6 21. Qd8+ Kb7 22. Be5 a5 23. Qb8+ Ka6 24. Bc7 Qxb3 25. Qa8+ Kb5 26. Bxb6 Bb4 27. Qb7 a4 28. Ba7+ Kc4 29. Qxc6+ Kd3 30. Qb5+ Kd2 31. Rxa4 Qd1+ 32. Kg2 Bc3 33. Bd4 Rc8 34. Bxc3+ Kxc3 35. Qa5+ Kb2 36. Rb4+ Kc1 37. Qa1+ 1-0

[Event "CHN-chT"]
[Site "China"]
[Date "2019.08.22"]
[Round "14.4"]
[White "Chu, Wei Chao"]
[Black "Rapport, Richard"]
[Result "0-1"]
[WhiteElo "2374"]
[BlackElo "2747"]
[PlyCount "86"]
[EventDate "2019.04.09"]
[EventType "team-tourn"]
[EventRounds "22"]
[EventCountry "CHN"]
[SourceTitle "EXT 2020"]
[Source "ChessBase"]
[SourceDate "2019.10.17"]
[SourceVersion "1"]
[SourceVersionDate "2019.10.17"]
[SourceQuality "1"]
[WhiteTeam "Tianjin"]
[BlackTeam "Chengdu Beilei Youth"]
[WhiteTeamCountry "CHN"]
[BlackTeamCountry "CHN"]

1. d4 e6 2. c4 Bb4+ 3. Bd2 a5 4. g3 d5 5. Bg2 dxc4 6. Nf3 Nc6 7. e3 Nge7 8. 0-0 0-0 9. Qc2 b5 10. a4 Ba6 11. axb5 Bxb5 12. Rc1 Nd5 13. Na3 Bxa3 14. bxa3 Nb6 15. a4 Ba6 16. Ng5 Qxg5 17. Bxc6 Ra7 18. h4 Qh5 19. Qd1 Qxd1+ 20. Rxd1 Bc8 21. Rdb1 Bd7 22. Bxd7 Nxd7 23. Rb5 Rfa8 24. Rc1 Nb6 25. Ra1 f5 26. Rc5 Kf7 27. Kf1 Ke8 28. Ke2 Kd7 29. f3 g6 30. Ra2 Ke8 31. Rc6 Kf7 32. Rc5 Rd8 33. Rxa5 Rxa5 34. Bxa5 Ra8 35. Bxb6 cxb6 36. Kd2 b5 37. a5 b4 38. Ra4 Rb8 39. a6 c3+ 40. Kd3 Rc8 41. Kc2 b3+ 42. Kc1 b2+ 43. Kc2 Rb8 0-1

[Event "Belt and Road Hunan op-A"]
[Site "Changsha"]
[Date "2019.08.05"]
[Round "8"]
[White "Narayanan, Sunilduth Lyna"]
[Black "Chu, Wei Chao"]
[Result "1-0"]
[WhiteElo "2616"]
[BlackElo "2406"]
[PlyCount "51"]
[EventDate "2019.07.29"]
[EventType "swiss"]
[EventRounds "9"]
[EventCountry "CHN"]
[SourceTitle "CBM 191 Extra"]
[Source "ChessBase"]
[SourceDate "2019.09.30"]
[SourceVersion "1"]
[SourceVersionDate "2019.09.30"]
[SourceQuality "1"]

1. e4 c5 2. Nf3 d6 3. d4 cxd4 4. Nxd4 Nf6 5. Nc3 a6 6. Be2 e6 7. f4 Be7 8. Be3 Qc7 9. g4 b5 10. g5 Nfd7 11. a3 Nc5 12. f5 0-0 13. f6 gxf6 14. Nf5 fxg5 15. Rg1 f6 16. Nxe7+ Qxe7 17. h4 h6 18. Qd2 Rf7 19. hxg5 hxg5 20. 0-0-0 Nbd7 21. Bxg5 fxg5 22. Rxg5+ Kf8 23. Rh1 Ke8 24. Bh5 Nf6 25. Bxf7+ Kxf7 26. e5 1-0

[Event "Belt and Road Hunan op-A"]
[Site "Changsha"]
[Date "2019.08.01"]
[Round "4"]
[White "Chu, Wei Chao"]
[Black "Zhou, Jianchao"]
[Result "0-1"]
[WhiteElo "2406"]
[BlackElo "2608"]
[PlyCount "86"]
[EventDate "2019.07.29"]
[EventType "swiss"]
[EventRounds "9"]
[EventCountry "CHN"]
[SourceTitle "CBM 191 Extra"]
[Source "ChessBase"]
[SourceDate "2019.09.30"]
[SourceVersion "1"]
[SourceVersionDate "2019.09.30"]
[SourceQuality "1"]

1. d4 Nf6 2. c4 e6 3. Nf3 a6 4. Bg5 h6 5. Bh4 d6 6. Nc3 g5 7. Bg3 Nh5 8. e3 Bg7 9. Bd3 Nxg3 10. hxg3 c5 11. g4 cxd4 12. Nxd4 Nc6 13. Nb3 0-0 14. Rc1 Qe7 15. Qd2 Rd8 16. Be2 d5 17. cxd5 exd5 18. Bf3 Be6 19. Qe2 d4 20. exd4 Qb4 21. 0-0 Bc4 22. Qc2 Bxf1 23. Rxf1 Nxd4 24. Nxd4 Bxd4 25. Nd5 Qc5 26. Qf5 Kg7 27. Be4 Rh8 28. b4 Qd6 29. Rd1 Ba7 30. Rc1 Rae8 31. Rc7 Qe6 32. Rxb7 Qxf5 33. gxf5 Bxf2+ 34. Kxf2 Rxe4 35. Rb6 Rd8 36. f6+ Kg6 37. Ne7+ Kh5 38. Kf3 Rf4+ 39. Ke3 Kg4 40. a4 Rdd4 41. Nc6 Rfe4+ 42. Kf2 Rd2+ 43. Kf1 Kg3 0-1

[Event "Belt and Road Hunan op-A"]
[Site "Changsha"]
[Date "2019.07.30"]
[Round "2"]
[White "Zhao, Jun"]
[Black "Chu, Wei Chao"]
[Result "1/2-1/2"]
[WhiteElo "2636"]
[BlackElo "2406"]
[PlyCount "134"]
[EventDate "2019.07.29"]
[EventType "swiss"]
[EventRounds "9"]
[EventCountry "CHN"]
[SourceTitle "CBM 191 Extra"]
[Source "ChessBase"]
[SourceDate "2019.09.30"]
[SourceVersion "1"]
[SourceVersionDate "2019.09.30"]
[SourceQuality "1"]

1. e4 c5 2. Nc3 d6 3. d4 cxd4 4. Qxd4 a6 5. Bg5 Nc6 6. Qd2 h6 7. Be3 Nf6 8. f4 Ng4 9. Nf3 Nxe3 10. Qxe3 e6 11. 0-0-0 Qa5 12. h4 Bd7 13. Kb1 0-0-0 14. Bc4 Kb8 15. Bb3 Qc5 16. Qe2 Na5 17. Rd4 Be7 18. Rhd1 Nxb3 19. axb3 Bc6 20. Nd5 Bf8 21. b4 Qa7 22. Nc3 Be7 23. b5 axb5 24. Nxb5 Qa6 25. c4 Qb6 26. Nc3 Bf6 27. R4d3 Qb4 28. Re3 Qc5 29. Qd3 Rhe8 30. g3 g6 31. Nd4 Bxd4 32. Qxd4 Qxd4 33. Rxd4 f5 34. Red3 Kc7 35. e5 dxe5 36. Rxd8 Rxd8 37. Rxd8 Kxd8 38. fxe5 g5 39. hxg5 hxg5 40. Kc2 Ke7 41. b4 Kf7 42. Kd3 Kg6 43. b5 Bg2 44. Ke3 Kf7 45. Kf2 Bh1 46. Na4 Ke8 47. Nc5 Ke7 48. Ke3 Bg2 49. Kf2 Bh1 50. Nb3 b6 51. c5 bxc5 52. Nxc5 Bd5 53. Ke3 Kd8 54. b6 Kc8 55. Kf2 Kb8 56. Ke2 Kc8 57. Ke3 Kb8 58. Kd3 Kc8 59. Kd4 Kb8 60. Nd7+ Kb7 61. Nf6 Kxb6 62. Nxd5+ exd5 63. e6 Kc7 64. Kxd5 f4 65. gxf4 gxf4 66. Ke4 Kd6 67. Kxf4 Kxe6 1/2-1/2

[Event "CHN-chT"]
[Site "Daqing"]
[Date "2019.06.27"]
[Round "9.4"]
[White "Chu, Wei Chao"]
[Black "Yang, Yanqing"]
[Result "1-0"]
[WhiteElo "2374"]
[BlackElo "1910"]
[PlyCount "101"]
[EventDate "2019.06.19"]
[EventType "team-swiss"]
[EventRounds "9"]
[EventCountry "CHN"]
[SourceTitle "CBM 191 Extra"]
[Source "ChessBase"]
[SourceDate "2019.09.30"]
[SourceVersion "1"]
[SourceVersionDate "2019.09.30"]
[SourceQuality "1"]
[WhiteTeam "Tianjin"]
[BlackTeam "Hebei"]
[WhiteTeamCountry "CHN"]
[BlackTeamCountry "CHN"]

1. d4 Nf6 2. c4 e6 3. Nf3 d5 4. g3 c6 5. Bg2 Bd6 6. Qc2 Nbd7 7. 0-0 0-0 8. Rd1 Qe7 9. Bg5 h6 10. Bxf6 Nxf6 11. Nbd2 Bd7 12. e4 dxe4 13. Nxe4 Nxe4 14. Qxe4 Rad8 15. c5 Bb8 16. b4 f5 17. Qe2 f4 18. Ne5 Qf6 19. b5 Bxe5 20. dxe5 f3 21. exf6 fxe2 22. Rd2 gxf6 23. Rxe2 Kf7 24. f4 Rb8 25. Rd2 Rfd8 26. a4 Be8 27. Rb2 Rbc8 28. bxc6 Bxc6 29. Bxc6 bxc6 30. Rb7+ Kg6 31. Ra2 Ra8 32. a5 Kf5 33. Kf2 e5 34. fxe5 fxe5 35. Ke3 e4 36. Rf2+ Ke5 37. Re7+ Kd5 38. Rxe4 Kxc5 39. Rc2+ Kb5 40. Rec4 Re8+ 41. Kf4 Rf8+ 42. Kg4 Rg8+ 43. Kh5 Kxa5 44. Rxc6 Kb5 45. R2c5+ Kb4 46. Rc1 Kb5 47. R6c2 a5 48. Rb1+ Ka6 49. Rc6+ Ka7 50. Rc7+ Ka6 51. Rcb7 1-0

[Event "CHN-chT"]
[Site "Daqing"]
[Date "2019.06.21"]
[Round "3.3"]
[White "Chu, Wei Chao"]
[Black "Lan, Zilun"]
[Result "1-0"]
[WhiteElo "2374"]
[BlackElo "2352"]
[PlyCount "40"]
[EventDate "2019.06.19"]
[EventType "team-swiss"]
[EventRounds "9"]
[EventCountry "CHN"]
[SourceTitle "CBM 191 Extra"]
[Source "ChessBase"]
[SourceDate "2019.09.30"]
[SourceVersion "1"]
[SourceVersionDate "2019.09.30"]
[SourceQuality "1"]
[WhiteTeam "Tianjin"]
[BlackTeam "Zhejiang"]
[WhiteTeamCountry "CHN"]
[BlackTeamCountry "CHN"]

1. d4 Nf6 2. g3 e6 3. Bg2 d5 4. Nf3 c5 5. 0-0 Nc6 6. c4 dxc4 7. Ne5 Bd7 8. Na3 cxd4 9. Naxc4 Nxe5 10. Nxe5 Qb6 11. Bf4 Be7 12. Nxd7 Nxd7 13. Qa4 Bd6 14. Bxb7 Qxb7 15. Bxd6 Qd5 16. Ba3 f6 17. Qb4 Kf7 18. e4 dxe3 19. Rad1 exf2+ 20. Kxf2 Qc6 1-0